| 000 | 01910nam a2200313 a 4500 | ||
|---|---|---|---|
| 001 | |||
| 003 | DO-SdBNP | ||
| 005 | 20211013103454.0 | ||
| 008 | 091125s2007 dr 000 0 spa d | ||
| 020 | _a9945427067 | ||
| 040 |
_aDO-SdBNP _bspa _cBPMSU |
||
| 049 | _a | ||
| 082 |
_aRD809.889 _bE53n 2007 _222 |
||
| 100 | 1 |
_aEmeterio Rondón, Pura _d1952.2017 |
|
| 245 | 1 | 0 |
_aNarrativas dominicana y haitiana : _bsímbolos para una propuesta alternativa / _cPura Emeterio Rondón. |
| 260 |
_aSanto Domingo : _bEditora Nacional _c2007. |
||
| 300 |
_a209 p. ; _c23 cm. |
||
| 500 | _aIncluye datos biográficos del autora en la solapa de la cubierta | ||
| 500 | _aIncluye referencias bibliográficas y notas al pie de las páginas | ||
| 504 | _aBibliografía : (p. 2001-204) | ||
| 505 | _aIntroducción, 13 .-- ¿Por qué literatura dominicana y haitiana ?, 21 .-- El indigenismo y la cultura haitiana, 25 .-- El movimiento postumista y la literatura dominicana, 33 .-- Planteamientos teóricos. Función referencial de los símbolos, 43 .-- La cultura oral-popular en el referente de las culturas dominicana y haitiana, 53 .-- Hacia una doble perspectiva del referente literario, 61 .-- La configuración textual de los símbolos. La configuración textual de los símbolos, 71 .-- Los símbolos regresivos, 105 .-- Sistemas de referencialidad en las literaturas dominicana y haitiana. El referente en los símbolos progresivos, 135 .-- El referente en los símbolos regresivos, 157 .-- En torno a las literaturas dominicana y haitiana, 185 .-- Apéndice, 193 .-- Bibliografía citada, 201. - | ||
| 590 | _6Inventariado, 2021/VM | ||
| 650 | 4 |
_aLiteratura dominicana _xHistoria y crítica |
|
| 650 | 4 |
_aLiteratura haitiana _xHistoria y crítica |
|
| 650 | 4 | _aSimbolísmo en la literatura | |
| 710 | 2 | _aSecretaría de Estado de Cultura (República Dominicana) | |
| 910 | _aVMateoV. | ||
| 942 |
_2ddc _cBK |
||
| 999 |
_c13789 _d13789 |
||